<?xml version="1.0" encoding="UTF-8"?><?xml-stylesheet type="text/xsl" href="static/style.xsl"?><OAI-PMH xmlns="http://www.openarchives.org/OAI/2.0/" xmlns:xsi="http://www.w3.org/2001/XMLSchema-instance" xsi:schemaLocation="http://www.openarchives.org/OAI/2.0/ http://www.openarchives.org/OAI/2.0/OAI-PMH.xsd"><responseDate>2026-06-01T23:50:30Z</responseDate><request verb="GetRecord" identifier="oai:riuma.uma.es:10630/8539" metadataPrefix="marc">https://riuma.uma.es/rest/oai/request</request><GetRecord><record><header><identifier>oai:riuma.uma.es:10630/8539</identifier><datestamp>2026-02-03T12:05:52Z</datestamp><setSpec>com_10630_2254</setSpec><setSpec>col_10630_37959</setSpec></header><metadata><record xmlns="http://www.loc.gov/MARC21/slim" xmlns:dcterms="http://purl.org/dc/terms/" xmlns:doc="http://www.lyncode.com/xoai" xmlns:xsi="http://www.w3.org/2001/XMLSchema-instance" xsi:schemaLocation="http://www.loc.gov/MARC21/slim http://www.loc.gov/standards/marcxml/schema/MARC21slim.xsd">
   <leader>00925njm 22002777a 4500</leader>
   <datafield ind2=" " ind1=" " tag="042">
      <subfield code="a">dc</subfield>
   </datafield>
   <datafield ind2=" " ind1=" " tag="720">
      <subfield code="a">Elduque Palomo, Alberto</subfield>
      <subfield code="e">author</subfield>
   </datafield>
   <datafield ind2=" " ind1=" " tag="260">
      <subfield code="c">2014-12-10</subfield>
   </datafield>
   <datafield ind2=" " ind1=" " tag="520">
      <subfield code="a">Dado un módulo irreducible de dimensión finita para un álgebra de Lie semisimple graduada sobre un cuerpo algebraicamente cerrado de característica cero, se estudiarán las obstrucciones que existen para la existencia de una graduación compatible en dicho módulo.&#xd;
Una primera obstrucción viene dada por los automorfismos externos del álgebra ligados a su graduación. La segunda obstrucción es más profunda y viene medida por el invariante de Brauer del módulo. Este invariante es un elemento del grupo de Brauer graduado del cuerpo base.&#xd;
&#xd;
Tras analizar estos invariantes de Brauer, se obtiene un método para computarlos basado en la isogenia entre los grupos algebraicos simplemente conexo y adjunto asociados al álgebra de Lie.&#xd;
Como consecuencia inmediata se obtiene que todo módulo para un álgebra de Lie simple excepcional de tipo G2, F4 o E8 admite una graduación compatible.</subfield>
   </datafield>
   <datafield ind1="8" ind2=" " tag="024">
      <subfield code="a">http://hdl.handle.net/10630/8539</subfield>
   </datafield>
   <datafield tag="653" ind2=" " ind1=" ">
      <subfield code="a">Lie, Álgebras de</subfield>
   </datafield>
   <datafield ind2="0" ind1="0" tag="245">
      <subfield code="a">Módulos graduados e invariantes de Brauer</subfield>
   </datafield>
</record>
</metadata></record></GetRecord></OAI-PMH>